ਪਾਕਿਸਤਾਨੀ ਚੋਣਵੀ੍ਵ ਪੰਜਾਬੀ ਕਹਾਣੀ (Record no. 1026539)

MARC details
000 -LEADER
fixed length control field 00785nam a2200217Ia 4500
003 - CONTROL NUMBER IDENTIFIER
control field OSt
005 - DATE AND TIME OF LATEST TRANSACTION
control field 20260114110328.0
008 - FIXED-LENGTH DATA ELEMENTS--GENERAL INFORMATION
fixed length control field 221004b |||||||| |||| 00| 0 pan d
020 ## - INTERNATIONAL STANDARD BOOK NUMBER
International Standard Book Number 9788175993136 (hbk)
037 ## - SOURCE OF ACQUISITION
Terms of availability Textual
040 ## - CATALOGING SOURCE
Original cataloging agency CRL
Transcribing agency CRL
Language of cataloging Pun
041 ## - LANGUAGE CODE
Source of code Pun
Language code of text/sound track or separate title Pun
084 ## - COLON CLASSIFICATION NUMBER
Classification number O44Q7,3x 153Q5
Assigning agency CRL
245 #0 - TITLE STATEMENT
Title ਪਾਕਿਸਤਾਨੀ ਚੋਣਵੀ੍ਵ ਪੰਜਾਬੀ ਕਹਾਣੀ
260 ## - PUBLICATION, DISTRIBUTION, ETC.
Place of publication, distribution, etc. ਦਿੱਲੀ, ਭਾਰਤ :
Name of publisher, distributor, etc. ਨਵਯੁਗ ,
Date of publication, distribution, etc. 2015.
300 ## - PHYSICAL DESCRIPTION
Extent 240ਪੰ
Dimensions cm.
365 ## - TRADE PRICE
Price amount 400.00
Currency code INR
650 ## - SUBJECT ADDED ENTRY--TOPICAL TERM
Topical term or geographic name entry element ਪੰਜਾਬੀ ਸਾਹਿਤ
9 (RLIN) 864381
942 ## - ADDED ENTRY ELEMENTS (KOHA)
Classification part O44Q7,3x 153Q5
Koha item type Textbook
Source of classification or shelving scheme Colon Classification (CC)
Suppress in OPAC No
Holdings
Withdrawn status Lost status Source of classification or shelving scheme Damaged status Not for loan Home library Current library Date acquired Source of acquisition Cost, normal purchase price Inventory number Total Checkouts Full call number Barcode Date last seen Cost, replacement price Price effective from Koha item type
    Colon Classification (CC)     Central Library Central Library 2026-01-14 H.K. Prakashan 400.00 1007&31/12/2015,   O44Q7,3x 153Q5 CL1612230 2022-10-05 400.00 2022-10-05 Textbook
Copyright @ Delhi University Library System